00448 a2200145 450000100060000008200170000609000170002310000160004024500400005626000450009630000170014194200270015899900190018595200980020492349 a620.1126 BRO c44317d44318 aDavid Broek aPractical use of fracture mechanics aLondonbKluwer Academic Publishersc1989 axiii, 522 p. aNUST-CAEk620.1126 BRO c327422d327422 001040708NFICaCAEbCAEd2017-04-03l0o620.1126 BROpCAE88601r2017-04-05w2017-04-05yBK